[Event "?"]
[Site "?"]
[Date "2018.08.23"]
[Round "7.8"]
[White "Surmann, Christoph"]
[Black "Begna, Bozidar"]
[Result "1/2-1/2"]
[WhiteElo "1659"]
[BlackElo "1825"]
[PlyCount "82"]
[EventDate "2018.??.??"]
[WhiteTeam "Dortmunder SV 1875"]
[BlackTeam "SC Hansa Dortmund"]

1. d4 d6 2. Nf3 c6 3. c4 Nf6 4. Nc3 Qc7 5. e4 e5 6. Be2 Be7 7. O-O O-O 8. Qc2
Bg4 9. d5 a6 10. a4 Nbd7 11. h3 Bh5 12. g4 Bg6 13. Nh4 Rfe8 14. Nxg6 hxg6 15.
Be3 Nh7 16. Qd2 Nc5 17. Ra3 a5 18. g5 f5 19. gxf6 Nxf6 20. Bxc5 dxc5 21. Qg5
Nh5 22. Qxg6 Nf4 23. Qg4 Rf8 24. Qg3 Qd8 25. Bg4 Bh4 26. Qh2 Qg5 27. Kh1 Nd3
28. f3 Qe3 29. Nd1 Qd4 30. Qg1 Nf4 31. Qxd4 cxd4 32. Nf2 cxd5 33. exd5 Be7 34.
Rb3 Bb4 35. Nd3 Nxd3 36. Be6+ Kh7 37. Rxd3 Rf4 38. Kg2 b6 39. Rf2 Raf8 40. Re2
Bd6 41. Bg4 Kg6 1/2-1/2

[Event "?"]
[Site "?"]
[Date "2018.08.23"]
[Round "7.9"]
[White "Sonntag, Hans-Joachim"]
[Black "Ropel, Dennis"]
[Result "1-0"]
[WhiteElo "1662"]
[BlackElo "1520"]
[PlyCount "53"]
[EventDate "2018.??.??"]
[WhiteTeam "FS 98 Dortmund"]
[BlackTeam "SG Mengede 1922"]

1. e4 d6 2. d4 Nf6 3. Nc3 g6 4. Be2 Bg7 5. Be3 a6 6. Qd2 O-O 7. Bh6 b5 8. a3
Nbd7 9. Bxg7 Kxg7 10. f4 e5 11. Bf3 Rb8 12. Nge2 Qe8 13. O-O Bb7 14. Rae1 Rd8
15. Ng3 c5 16. d5 Bc8 17. Nd1 exf4 18. Qxf4 Qe5 $11 19. Qe3 Nb6 20. b3 h5 21.
Nf2 Rde8 22. Nd3 Qe7 23. Qg5 Rh8 24. Nf5+ Bxf5 25. exf5 Qd8 26. fxg6 fxg6 27.
Nf4 1-0

[Event "?"]
[Site "?"]
[Date "2018.08.23"]
[Round "7.10"]
[White "Ewers, Christian"]
[Black "Boxberg, Marc"]
[Result "1/2-1/2"]
[WhiteElo "1739"]
[BlackElo "1775"]
[PlyCount "53"]
[EventDate "2018.??.??"]
[WhiteTeam "SG Mengede 1922"]
[BlackTeam "Marten-Bövinghausen"]

1. e4 e6 2. d4 d5 3. Nd2 a6 4. Ngf3 c5 5. exd5 exd5 6. dxc5 Bxc5 7. Nb3 Bb6 8.
Bd3 Qe7+ 9. Qe2 Qxe2+ 10. Kxe2 Nc6 11. c3 Nge7 12. Be3 Bxe3 $11 13. Kxe3 O-O
14. Nbd4 Re8 15. Kd2 Nxd4 16. Nxd4 Nc6 17. Rhe1 Bd7 18. f4 Nxd4 19. cxd4 f6 20.
Rxe8+ Rxe8 21. Re1 Rxe1 22. Kxe1 Kf7 23. Kd2 h6 24. Kc3 a5 25. b4 b6 26. Ba6
Ke7 27. Bd3 $11 1/2-1/2

[Event "?"]
[Site "?"]
[Date "2018.08.23"]
[Round "7.11"]
[White "Cogan, Leonid"]
[Black "Schläger, Reiner"]
[Result "1-0"]
[WhiteElo "1772"]
[BlackElo "1679"]
[PlyCount "130"]
[EventDate "2018.??.??"]
[WhiteTeam "Huckarde-Westerfilde"]
[BlackTeam "FS 98 Dortmund"]

1. e4 e5 2. Nf3 Nc6 3. Bb5 Bc5 4. c3 Nf6 5. d4 exd4 6. e5 Ne4 7. cxd4 Bb4+ 8.
Kf1 O-O 9. d5 Bc5 10. Qc2 Nxf2 11. Qxc5 Nxh1 12. dxc6 dxc6 13. Be2 b6 14. Qd4
Qe7 15. Nc3 Rd8 16. Qg1 b5 17. Bg5 f6 18. exf6 gxf6 19. Bh4 b4 20. Nd1 Re8 21.
Bc4+ Be6 22. Bxe6+ Qxe6 23. Ne3 Rad8 24. Re1 Kf7 25. b3 Qe4 26. Qxh1 Rd3 27.
Bf2 Rc3 28. g3 Qd3+ 29. Kg2 Qe4 30. Kg1 Qg6 31. Nh4 Qg5 32. Qf3 Re5 33. Qf4 Qg7
34. Rd1 Kf8 35. Rd8+ Re8 36. Rxe8+ Kxe8 37. Qe4+ Kf7 38. Nhf5 Qf8 39. Ng4 Rc1+
40. Kg2 Qd8 41. Ngh6+ Kf8 42. Qxb4+ c5 43. Bxc5+ Ke8 44. Qb5+ Qd7 45. Qb8+ Qd8
46. Qb5+ Qd7 47. Qb8+ Qd8 48. Qxd8+ Kxd8 49. Bxa7 Rc2+ 50. Kh3 Rxa2 51. Bd4 Kd7
52. b4 Ke6 53. Bc5 Ke5 54. g4 Kf4 55. Ng8 Kg5 56. Be3+ Kg6 57. Nge7+ Kf7 58.
Nd5 c6 59. Nde7 Rb2 60. Bc5 Ke6 61. Nxc6 Kd5 62. Nce7+ Ke6 63. Kg3 Rb3+ 64. Kh4
Rb2 65. h3 Rb3 1-0

[Event "?"]
[Site "?"]
[Date "2018.08.23"]
[Round "7.12"]
[White "Sprungala, Erik"]
[Black "Haufe, Ulrich"]
[Result "1-0"]
[WhiteElo "1776"]
[BlackElo "1211"]
[PlyCount "67"]
[EventDate "2018.??.??"]
[WhiteTeam "SV Rochade Eving"]
[BlackTeam "Huckarde-Westerfilde"]

1. d4 Nf6 2. c4 e6 3. Nc3 d5 4. cxd5 exd5 5. Bg5 Be7 6. e3 O-O 7. Bd3 h6 8. Bh4
Be6 9. Nge2 Nh5 10. Bxe7 Qxe7 11. Qc2 c6 12. O-O Nd7 13. Rad1 f5 14. Nf4 Nhf6
15. Ng6 Qf7 16. Nxf8 Rxf8 17. Bxf5 Nh5 18. Bg6 Bf5 19. Bxf7+ Rxf7 20. Qe2 Nhf6
21. f3 Nh7 22. e4 Be6 23. Rde1 Rf6 24. h4 Rg6 25. Rf2 Ndf6 26. exd5 Bf5 27. Qe5
Bd7 28. dxc6 bxc6 29. Rfe2 Nf8 30. d5 a6 31. Qd4 Nh5 32. g4 Nf6 33. dxc6 Bxc6
34. Qc4+ 1-0

[Event "?"]
[Site "?"]
[Date "2018.08.23"]
[Round "7.13"]
[White "Alghawi, Abdullah"]
[Black "Sohraby, Darjusch"]
[Result "1-0"]
[WhiteElo "1764"]
[BlackElo "1534"]
[PlyCount "39"]
[EventDate "2018.??.??"]
[WhiteTeam "FS 98 Dortmund"]
[BlackTeam "Huckarde-Westerfilde"]

1. e4 e6 2. d3 d5 3. Nd2 c5 4. Ngf3 Nc6 5. g3 Nf6 6. Bg2 Be7 7. O-O O-O 8. Re1
Re8 9. e5 Nd7 10. Nf1 Qb6 11. h4 Qb4 12. N1h2 b5 13. c3 Qa5 14. Bf4 Bb7 15. Ng5
Nf8 16. Qh5 b4 17. Qxf7+ Kh8 18. Ng4 Bxg5 19. Bxg5 bxc3 20. Nf6 1-0

[Event "?"]
[Site "?"]
[Date "2018.08.23"]
[Round "7.14"]
[White "Bommert, Christian"]
[Black "Zabel, Reinhard"]
[Result "1-0"]
[WhiteElo "1724"]
[BlackElo "1408"]
[PlyCount "93"]
[EventDate "2018.??.??"]
[WhiteTeam "FS 98 Dortmund"]
[BlackTeam "DB Brambauer"]

1. f4 d5 2. Nf3 c5 3. g3 Nf6 4. Bg2 Nc6 5. d3 e6 6. O-O Be7 7. Qe1 O-O 8. e4
dxe4 9. dxe4 Nd4 10. Nxd4 Qxd4+ 11. Kh1 e5 12. Nc3 a6 13. Be3 Qd6 14. Rd1 Qc7
15. Nd5 Nxd5 16. exd5 Bd6 17. f5 f6 18. Be4 Qf7 19. Qa5 b5 20. Qb6 Qe7 21. Bxc5
Bxc5 22. d6 Qd7 23. Qxc5 Bb7 24. Bd5+ Bxd5+ 25. Qxd5+ Kh8 26. Rd2 Rac8 27. b3
Rc6 28. Qe6 Rf7 29. g4 h6 30. Rf3 Kh7 31. c4 Rc5 32. b4 Rxc4 33. h3 Rxb4 34.
Kh2 Rc4 35. Rfd3 Rc1 36. Kg3 Rg1+ 37. Kh4 g5+ 38. fxg6+ Kxg6 39. Qxd7 Rxd7 40.
Rc3 Kf7 41. Kh5 Ke6 42. Rc6 a5 43. Kxh6 Re1 44. Kg6 Rh1 45. Rf2 Kd5 46. Ra6
Rxd6 47. Rd2+ 1-0

[Event "?"]
[Site "?"]
[Date "2018.08.23"]
[Round "7.15"]
[White "Haneberg, Alexander"]
[Black "Stockhausen, Arnd"]
[Result "1-0"]
[WhiteElo "1507"]
[BlackElo "1577"]
[PlyCount "31"]
[EventDate "2018.??.??"]
[WhiteTeam "Dortmunder SV 1875"]
[BlackTeam "SG Mengede 1922"]

1. d4 d5 2. Nf3 Nf6 3. Bf4 e6 4. e3 c5 5. c3 Nc6 6. Bd3 c4 7. Bc2 h6 8. Nbd2
Bd6 9. Bg3 Qc7 10. Qe2 Bd7 11. e4 Bxg3 12. hxg3 O-O-O 13. e5 Nh7 14. Bxh7 Rxh7
15. Ng5 Be8 16. Nxh7 1-0

[Event "?"]
[Site "?"]
[Date "2018.08.23"]
[Round "7.16"]
[White "Jentzsch, Werner Wilfried"]
[Black "Pennekamp, Christoph"]
[Result "0-1"]
[WhiteElo "1367"]
[BlackElo "1292"]
[PlyCount "114"]
[EventDate "2018.??.??"]
[WhiteTeam "SF Brackel 1930"]
[BlackTeam "Hansa Dortmund"]

1. d4 Nf6 2. c4 g6 3. Nc3 Bg7 4. e4 d6 5. Nf3 O-O 6. Be2 Nbd7 7. h3 e5 8. d5
Nc5 9. Bg5 h6 10. Bxf6 Bxf6 11. b4 Nd7 12. Qd2 Bg7 13. a4 Nf6 14. O-O Nh5 15.
Nh2 Nf6 16. Bd3 Ne8 17. Ra3 f5 18. exf5 gxf5 19. Ne2 Nf6 20. Ng3 Nh7 21. Nh5
Qg5 22. Qxg5 Nxg5 23. Nxg7 Kxg7 24. h4 Nf7 25. Bc2 Bd7 26. c5 e4 27. f3 Rae8
28. fxe4 fxe4 29. Rg3+ Kh7 30. cxd6 Nxd6 31. Rgf3 Bf5 32. Rc3 Re7 33. g4 Rg8
34. Kh1 Bxg4 35. Nxg4 Rxg4 36. Rg1 Rxh4+ 37. Kg2 Rg4+ 38. Kh2 Rxg1 39. Kxg1 h5
40. Rh3 Kh6 41. Bd1 Re5 42. Bb3 Kg5 43. Rc3 Re7 44. Kg2 e3 45. Kf1 h4 46. Ke2
Kf4 47. Rc1 Ne4 48. Rc4 h3 49. Bc2 h2 50. Bxe4 Rxe4 51. Rc1 Kg3 52. d6 cxd6 53.
b5 Kg2 54. b6 axb6 55. a5 h1=Q 56. axb6 Qxc1 57. Kd3 Qc4# 0-1

[Event "?"]
[Site "?"]
[Date "2018.08.23"]
[Round "7.17"]
[White "Bensch, Christian"]
[Black "Vollenberg, Jörg"]
[Result "1-0"]
[WhiteElo "1317"]
[BlackElo "1400"]
[PlyCount "73"]
[EventDate "2018.??.??"]
[WhiteTeam "SC Wambel 77"]
[BlackTeam "Rochade Eving"]

1. e4 c5 2. c3 e6 3. d4 d5 4. e5 Nc6 5. Nf3 Be7 6. Be2 Bd7 7. O-O Qb6 8. b3 Rc8
9. Bb2 Na5 10. Nbd2 Nh6 11. dxc5 Bxc5 12. b4 Be7 13. Nd4 Nc6 14. N2f3 a6 15. a4
Ng4 16. a5 Qc7 17. Nxc6 Bxc6 18. Qd4 Nh6 19. Rac1 O-O 20. Qd2 Rfd8 21. Rfe1 Ba4
22. Bd3 Bb3 23. Ng5 Bxg5 24. Qxg5 Bc4 25. Bb1 Qc6 26. Re3 Kh8 27. Rg3 Rg8 28.
Re1 Qd7 29. Bc1 Nf5 30. Rf3 Bb3 31. g4 g6 32. Bxf5 exf5 33. Qf6+ Rg7 34. Bh6
Rcg8 35. Bxg7+ Rxg7 36. gxf5 gxf5+ 37. Rg3 1-0

[Event "?"]
[Site "?"]
[Date "2018.08.23"]
[Round "7.18"]
[White "Schultz, Bernfried"]
[Black "Stepke, Horst"]
[Result "1/2-1/2"]
[WhiteElo "1703"]
[BlackElo "1555"]
[PlyCount "42"]
[EventDate "2018.??.??"]
[WhiteTeam "SF Brackel 1930"]
[BlackTeam "Huckarde-Westerfilde"]

1. e4 c5 2. d4 cxd4 3. Qxd4 Nc6 4. Qe3 a6 5. Nc3 d6 6. Bd2 Bd7 7. O-O-O Nf6 8.
h3 g6 9. f4 Bg7 10. g4 Rc8 11. Nf3 Qc7 12. Kb1 O-O 13. Bd3 b5 14. Nd5 Qd8 15.
g5 Nh5 16. f5 Ne5 17. Nxe7+ Qxe7 18. f6 Nxf6 19. gxf6 Qxf6 20. Nxe5 Qxe5 21. c3
Qc5 $11 1/2-1/2

[Event "?"]
[Site "?"]
[Date "2018.08.23"]
[Round "7.19"]
[White "Schacht, Jürgen"]
[Black "Al Kassas, Humam"]
[Result "0-1"]
[WhiteElo "1538"]
[BlackElo "1251"]
[PlyCount "86"]
[EventDate "2018.??.??"]
[WhiteTeam "Rochade Eving"]
[BlackTeam "FS 98 Dortmund"]

1. Nf3 Nc6 2. d4 d5 3. g3 e6 4. Bg2 Nge7 5. Nbd2 Ng6 6. O-O Be7 7. c4 O-O 8. b3
Re8 9. Bb2 Bf6 10. e4 dxe4 11. Nxe4 Qe7 12. Nxf6+ Qxf6 13. Qe2 Qe7 14. Rfe1 Qd8
15. Rad1 Bd7 16. a3 a5 17. Rd3 f6 18. Qd2 Nce7 19. Qe3 Nf5 20. Qd2 Nd6 21. Bh3
f5 22. Ne5 Ne4 23. Qd1 b5 24. Bg2 bxc4 25. bxc4 Rb8 26. Qc2 Ba4 27. Qxa4 Rxb2
28. Bxe4 fxe4 29. Rdd1 Rf8 30. Rf1 Qg5 31. Qxa5 e3 32. Qc3 exf2+ 33. Kh1 Qf5
34. Qd3 Nxe5 35. Qxf5 Rxf5 36. dxe5 Rxe5 37. Kg2 Re1 38. Kh3 Rxd1 39. Rxd1 Rd2
40. Rf1 Rc2 41. Kg2 Rxc4 42. Rxf2 e5 43. Kf3 Kf7 0-1